[Event "Aslo ASKO CC-ch Group-A"]
[Site "Oslo"]
[Date "2006.02.07"]
[Round "1"]
[White "Sorseth, Gjermund"]
[Black "Runde, Hans Arild"]
[Result "1-0"]
[WhiteElo "1873"]
[BlackElo "1855"]
[PlyCount "79"]
[EventDate "2006.02.07"]
[EventType "tourn"]
[EventRounds "9"]
[EventCountry "NOR"]
[SourceTitle "EXT 2008"]
[Source "ChessBase"]
[SourceDate "2007.11.25"]
[SourceVersion "1"]
[SourceVersionDate "2007.11.25"]
[SourceQuality "1"]

1. e4 c5 2. Nf3 Nf6 3. Nc3 d5 4. exd5 Nxd5 5. Bb5+ Bd7 6. Ne5 Bxb5 7. Qf3 f6 8. Nxb5 Na6 9. Qh5+ g6 10. Nxg6 hxg6 11. Qxh8 Qd7 12. Nc3 Qe6+ 13. Kf1 Nab4 14. Qh3 Qxh3 15. gxh3 Nc7 16. Rg1 Kf7 17. Rg3 Nxc2 18. Rb1 Rd8 19. a3 Ne6 20. Ne2 Ncd4 21. Nxd4 Nxd4 22. b4 c4 23. Rc3 b5 24. d3 Rc8 25. dxc4 bxc4 26. Be3 Nb5 27. Rcc1 e5 28. a4 Nd4 29. b5 c3 30. Bxd4 exd4 31. Ke2 Ba3 32. Rc2 Ke6 33. Kd3 Kd5 34. a5 Rh8 35. Rg1 Rxh3+ 36. Rg3 Rxh2 37. Rxg6 Rh3+ 38. Rg3 Rh7 39. Rf3 Bc5 40. Rf5+ 1-0

[Event "Oslo ASKO Hostturnering"]
[Site "Oslo"]
[Date "2005.11.07"]
[Round "5"]
[White "Briseid, Hakon"]
[Black "Runde, Hans Arild"]
[Result "1/2-1/2"]
[WhiteElo "1451"]
[BlackElo "1839"]
[PlyCount "74"]
[EventDate "2005.09.06"]
[EventType "swiss"]
[EventRounds "7"]
[EventCountry "NOR"]
[SourceTitle "EXT 2009"]
[Source "ChessBase"]
[SourceDate "2008.11.26"]
[SourceVersion "1"]
[SourceVersionDate "2008.11.26"]
[SourceQuality "1"]

1. e4 c5 2. Nf3 Nf6 3. Nc3 d5 4. exd5 Nxd5 5. Bb5+ Bd7 6. Ne5 Nf6 7. Qf3 Qc7 8. Nxd7 Nbxd7 9. d3 a6 10. Bf4 e5 11. Bxd7+ Nxd7 12. Nd5 Qc6 13. Bg3 f6 14. 0-0-0 0-0-0 15. Qe4 f5 16. Qc4 Nf6 17. Nxf6 gxf6 18. f3 Rg8 19. Kb1 Rg7 20. Rhg1 b5 21. Qc3 b4 22. Qb3 a5 23. Bf2 Qa6 24. Rde1 a4 25. Qc4 Qxc4 26. dxc4 Rd2 27. Ref1 Rgd7 28. Be3 Re2 29. Re1 Rxe1+ 30. Rxe1 f4 31. Bf2 Rg7 32. g3 fxg3 33. hxg3 Bd6 34. Rh1 f5 35. Rh5 Rf7 36. Kc1 Kd7 37. Kd2 Bf8 1/2-1/2

[Event "Oslo ASKO Hostturnering"]
[Site "Oslo"]
[Date "2005.10.18"]
[Round "4"]
[White "Runde, Hans Arild"]
[Black "Mellem, Nicolas Axel"]
[Result "0-1"]
[WhiteElo "1839"]
[BlackElo "2046"]
[PlyCount "62"]
[EventDate "2005.09.06"]
[EventType "swiss"]
[EventRounds "7"]
[EventCountry "NOR"]
[SourceTitle "EXT 2009"]
[Source "ChessBase"]
[SourceDate "2008.11.26"]
[SourceVersion "1"]
[SourceVersionDate "2008.11.26"]
[SourceQuality "1"]

1. e4 c5 2. Nf3 e6 3. d4 cxd4 4. Nxd4 Nf6 5. Bd3 Nc6 6. Nxc6 bxc6 7. 0-0 d5 8. e5 Nd7 9. Qe2 Nc5 10. c3 Nxd3 11. Qxd3 a5 12. Qg3 Qc7 13. Bf4 Bb7 14. c4 d4 15. c5 Bxc5 16. Nd2 Bf8 17. Rfc1 c5 18. Nc4 Rg8 19. Bd2 Ra6 20. Qd3 Be7 21. Qxh7 Kf8 22. f3 Bd5 23. Bxa5 Rxa5 24. Nxa5 Qxa5 25. b4 Qc7 26. bxc5 Bg5 27. Rcb1 Qxe5 28. Qc2 Be3+ 29. Kf1 Qxh2 30. c6 Qg1+ 31. Ke2 Qxg2+ 0-1

[Event "Oslo ASKO Hostturnering"]
[Site "Oslo"]
[Date "2005.09.06"]
[Round "1"]
[White "Runde, Hans Arild"]
[Black "Berntsen, Mathias"]
[Result "1-0"]
[WhiteElo "1839"]
[BlackElo "1192"]
[PlyCount "41"]
[EventDate "2005.09.06"]
[EventType "swiss"]
[EventRounds "7"]
[EventCountry "NOR"]
[SourceTitle "EXT 2009"]
[Source "ChessBase"]
[SourceDate "2008.11.26"]
[SourceVersion "1"]
[SourceVersionDate "2008.11.26"]
[SourceQuality "1"]

1. e4 c5 2. Nf3 Nc6 3. d4 cxd4 4. Nxd4 d6 5. Nc3 Nf6 6. Be2 g6 7. 0-0 Bg7 8. Be3 0-0 9. Nb3 a6 10. f4 b5 11. Bf3 Bb7 12. Qe1 Qc7 13. Nd5 Nxd5 14. exd5 Nb8 15. Nd4 Qc4 16. b3 Qc7 17. Rc1 Nd7 18. c4 bxc4 19. Rxc4 Qb8 20. Nc6 Bxc6 21. dxc6 1-0

[Event "NOR-chB"]
[Site "Stavanger"]
[Date "2005.07.04"]
[Round "3"]
[White "Runde, Hans Arild"]
[Black "Smeby, Ole"]
[Result "0-1"]
[WhiteElo "1983"]
[BlackElo "2060"]
[PlyCount "116"]
[EventDate "2005.07.01"]
[EventType "swiss"]
[EventRounds "9"]
[EventCountry "NOR"]
[SourceTitle "CBM 107 Extra"]
[Source "ChessBase"]
[SourceDate "2005.09.01"]
[SourceVersion "1"]
[SourceVersionDate "2005.09.01"]
[SourceQuality "1"]

1. e4 d5 2. exd5 Qxd5 3. Nc3 Qa5 4. d4 c6 5. Bc4 Nf6 6. Nf3 Bg4 7. Qd3 e6 8. Bd2 Bf5 9. Qe2 Be7 10. Nd5 Qd8 11. Nxe7 Qxe7 12. a3 a5 13. 0-0 Bxc2 14. Bxa5 Rxa5 15. Qxc2 0-0 16. b4 Ra8 17. Rfe1 Qd6 18. Qb3 Nd5 19. g3 Nd7 20. Rad1 Ra7 21. Ne5 Rfa8 22. Bxd5 cxd5 23. Qf3 Nf6 24. Re3 Rc8 25. Rc3 Rxc3 26. Qxc3 Ra8 27. Rc1 Ne8 28. a4 f6 29. Nd3 Qe7 30. a5 Nd6 31. Qc7 Re8 32. Rc5 Ne4 33. Qxe7 Rxe7 34. Rc8+ Kf7 35. Nc5 Nd6 36. Rb8 Rc7 37. Nxb7 Nxb7 38. a6 Nd6 39. b5 Ra7 40. Rb6 Nxb5 41. Rxb5 Rxa6 42. Rb2 Ra4 43. Rd2 Kg6 44. f3 Kf5 45. Kf2 h5 46. h3 g5 47. g4+ hxg4 48. hxg4+ Kf4 49. Rd3 Ra2+ 50. Ke1 f5 51. gxf5 exf5 52. Rc3 Ra4 53. Rd3 Kg3 54. Ke2 f4 55. Rd2 Ra3 56. Rc2 Re3+ 57. Kd2 Kxf3 58. Rc5 Ke4 0-1

[Event "Oslo op2"]
[Site "Oslo"]
[Date "2005.04.28"]
[Round "7"]
[White "Tollefsen, Vegard"]
[Black "Runde, Hans Arild"]
[Result "0-1"]
[WhiteElo "1923"]
[BlackElo "1836"]
[PlyCount "72"]
[EventDate "2005.02.15"]
[EventType "swiss"]
[EventRounds "9"]
[EventCountry "NOR"]
[SourceTitle "EXT 2007"]
[Source "ChessBase"]
[SourceDate "2006.11.23"]
[SourceVersion "1"]
[SourceVersionDate "2006.11.23"]
[SourceQuality "1"]

1. e4 c5 2. c3 Nf6 3. e5 Nd5 4. d4 cxd4 5. Nf3 e6 6. cxd4 b6 7. Bd2 Bb7 8. Nc3 Nxc3 9. Bxc3 Be7 10. Bd3 0-0 11. 0-0 d6 12. Re1 Nd7 13. Qe2 dxe5 14. dxe5 Nc5 15. Bc2 a5 16. Rad1 Qc7 17. Nd4 Rfd8 18. Qg4 g6 19. h4 h5 20. Qg3 Kh7 21. Nb5 Qc6 22. Nd6 Rxd6 23. exd6 Bxh4 24. Qh3 f5 25. g3 Bg5 26. a3 Rf8 27. Bb1 Bf6 28. Bxf6 Rxf6 29. Kh2 Kg7 30. b4 axb4 31. axb4 Nd7 32. Rd2 Ne5 33. Qf1 Nf3+ 34. Kh3 Nxd2 35. Qd3 Qg2+ 36. Kh4 Nf3+ 0-1

[Event "Oslo op2"]
[Site "Oslo"]
[Date "2005.03.29"]
[Round "5"]
[White "Runde, Hans Arild"]
[Black "Zachariassen, Bjarne"]
[Result "0-1"]
[WhiteElo "1836"]
[BlackElo "1822"]
[PlyCount "76"]
[EventDate "2005.02.15"]
[EventType "swiss"]
[EventRounds "9"]
[EventCountry "NOR"]
[SourceTitle "EXT 2007"]
[Source "ChessBase"]
[SourceDate "2006.11.23"]
[SourceVersion "1"]
[SourceVersionDate "2006.11.23"]
[SourceQuality "1"]

1. e4 c5 2. Nf3 Nc6 3. d4 cxd4 4. Nxd4 e5 5. Nb5 d6 6. N1c3 a6 7. Na3 Be7 8. Be3 Nf6 9. Nc4 b5 10. Nb6 Rb8 11. Nxc8 Rxc8 12. a3 0-0 13. Be2 Na5 14. Bg5 Nc4 15. Bxf6 Bxf6 16. Bxc4 Rxc4 17. Qd3 Bg5 18. Rd1 Rd4 19. Qf3 Rxd1+ 20. Qxd1 f5 21. Qd5+ Kh8 22. 0-0 g6 23. Qc6 Bd2 24. Nb1 Ba5 25. exf5 Rxf5 26. Qxa6 e4 27. Qc6 d5 28. Qxb5 d4 29. Qe2 Qd5 30. b4 Bb6 31. c4 d3 32. Qa2 Qe5 33. c5 Bc7 34. g3 e3 35. fxe3 Qxe3+ 36. Rf2 Bxg3 37. Qb2+ Be5 38. Qd2 Bd4 0-1

[Event "Oslo op2"]
[Site "Oslo"]
[Date "2005.02.15"]
[Round "2"]
[White "Vagle, Raymond"]
[Black "Runde, Hans Arild"]
[Result "1/2-1/2"]
[WhiteElo "1885"]
[BlackElo "1836"]
[PlyCount "68"]
[EventDate "2005.02.15"]
[EventType "swiss"]
[EventRounds "9"]
[EventCountry "NOR"]
[SourceTitle "EXT 2007"]
[Source "ChessBase"]
[SourceDate "2006.11.23"]
[SourceVersion "1"]
[SourceVersionDate "2006.11.23"]
[SourceQuality "1"]

1. e4 c5 2. Nf3 Nf6 3. e5 Nd5 4. d4 cxd4 5. Qxd4 e6 6. Bd3 Nc6 7. Qg4 Ncb4 8. 0-0 Nxd3 9. cxd3 d6 10. Nc3 dxe5 11. Nxe5 Nxc3 12. bxc3 a6 13. Bb2 h5 14. Qe2 Bd6 15. c4 Qg5 16. f4 Qf5 17. Rf3 h4 18. d4 Bxe5 19. fxe5 Qh5 20. Raf1 h3 21. g3 0-0 22. Ba3 Rd8 23. Qf2 Rd7 24. d5 Qxe5 25. dxe6 Qxe6 26. Re3 Qc6 27. Re8+ Kh7 28. Qf5+ Qg6 29. Qxh3+ Qh6 30. Qf5+ Qg6 31. Qc5 Rd3 32. Qf8 Rxg3+ 33. hxg3 Qxg3+ 34. Kh1 Qh3+ 1/2-1/2